000 00444 a2200169 4500
001 066073
003 OSt
005 20210909150737.0
008
082 _a801.9509
_bH11H
100 1 _aHabib, M.A.R.
245 1 _aA history of literary criticism
_cby M.A.R. Habib
260 _aUSA
_bBlackwell
_c2006
300 _a838p.
690 _aCriticism -- History; Criticism; Literaturtheorie;
942 _2ddc
_cBK
999 _c265
_d265